Anagrammi dei Calciatori - Quiz n°38 - Statistics

Statistiche generali
  • Questo quiz è stato fatto 2 volte
  • Il punteggio medio è 5 su 10
Statistiche sulle risposte
Anagramma Calciatore % Corretto
twlsei Witsel
100%
touoc Couto
50%
dleeirop Del Piero
50%
flmniai Flamini
50%
roaeiltggtel Legrottaglie
50%
olmaonk Lookman
50%
asnmai Masina
50%
kvijnad van Dijk
50%
eazvral Alvarez
0%
övelrl Völler
0%
Nessun quiz corrispondente trovato
Distribuzione punteggi
Percentuale di utenti per punteggio
Percentile per numero di risposta
I tuoi punteggi nel tempo
Non hai fatto questo quiz